F1 Most Wins For A Driver At Thier Home GP - Statistics

General Stats
  • This quiz has been taken 91 times
  • The average score is 25 of 34
Answer Stats
Home GP
Wins
Country Circuit Years Driver % Correct
1 8* Britain Silverstone x8 2008, 20142015, 2016 2017, 2019 2020, 2021 Lewis Hamilton
100%
6 4 Germany Hockenheim x4 1995,20022004,2006 Michael Schumacher
98%
31 1 Germany Hockenheim 2001 Ralf Schumacher
98%
2 6 France Dijon-Prenois x1Le Castellet x4 Magny-Cours x1 1981,19831988,1989 1990,1993 Alain Prost
95%
4 4 Argentina Buenos Aires x4 1954,19551956,1957 Juan Manuel Fangio
95%
12 2 Brazil Interlagos x2 1991,1993 Ayrton Senna
94%
14 2* Spain Barcelone x2 2006,2013 Fernando Alonso
92%
34 1* Netherlands Zandvoort 2021 Max Verstappen
92%
5 4 Britain Brands Hatch x1Silverstone x3 1986,19871991,1992 Nigel Mansell
89%
32 1* Germany Nurburgring 2013 Sebastian Vettel
87%
29 1 Britain Silverstone 1994 Damon Hill
86%
15 2 Brazil Interlagos x2 2006,2008 Felipe Massa
86%
7 2 Italy Monza x2 1951,1952 Alberto Ascari
85%
9 2 Britain Silverstone x2 1969,1971 Jackie Stewart
83%
3 5 Britain Aintree x1Silverstone x3 Brands Hatch x1 1962,19631964,1965 1967 Jim Clark
82%
11 2 Brazil Jacarepagua x2 1983,1986 Nelson Piquet
82%
10 2 Brazil Interlagos x2 1973,1974 Emerson Fittipaldi
81%
33 1 Germany Hockenheim 2014 Nico Rosberg
81%
28 1 Austria Osterreichring 1984 Niki Lauda
79%
24 1 Canada Montreal x1 1978 Gilles Villeneuve
77%
16 1 Italy Monza x1 1950 Giuseppe Farina
76%
21 1 South Africa Kyalami x1 1975 Jody Scheckter
75%
13 2 Britain Silverstone x2 1999,2000 David Coulthard
71%
8 2 Britain Aintree x2 1955,1957 Stirling Moss
69%
22 1 USA West Long Beach x1 1977 Mario Andretti
67%
23 1 Britain Silverstone x1 1977 James Hunt
63%
27 1 France Le Castellet x1 1982 Rene Arnoux
54%
30 1 Britain Silverstone 1995 Johnny Herbert
45%
20 1 Brazil Interlagos x1 1975 Carlos Pace
42%
26 1 Britain Silverstone x1 1981 John Watson
42%
18 1 Britain Silverstone x1 1958 Peter Collins
42%
17 1 Britain Aintree x1 1957 Tony Brooks
40%
25 1 France Dijon-Prenois x1 1979 Jean-Pierre Jabouille
36%
19 1 Italy Monza x1 1966 Ludovico Scarfiotti
27%
No matching quizzes found
Score Distribution
Percent of People with Each Score
Percentile by Number Answered
Your Score History
You have not taken this quiz